Missing Word: 'This Is Halloween' Quiz Stats

 Plays Quiz Updated Oct 31, 2019

Score 0/57 Timer 04:00
4 Plays Today
Lyric Missing Word % Correct
This is _____, this is _____Halloween
100%
In this town of _____Halloween
99.9%
This is _____, this is _____Halloween
99.9%
_____! _____! ______! _____! Halloween
99.9%
In our town of _____Halloween
99.9%
This is _____, this is _____Halloween
99.9%
_____! _____! ______! _____! Halloween
99.9%
This is _____, everyone screamHalloween
99.9%
This is _____, this is _____Halloween
99.9%
_____! _____! ______! _____! Halloween
99.9%
La! La! La! La la la! La! La! Happy Halloween!
99.6%
_____ and girls of every ageBoys
94.2%
_____ with us and you will seeCome
88.7%
I am the one hiding under your _____bed
84.1%
This, our _____ of Halloweentown
81.6%
It's our _____, everybody screamtown
81.6%
In our _____ of Halloweentown
81.6%
Teeth ground sharp and _____ glowing redeyes
79.9%
Wouldn't you like to see something _____?strange
75.4%
Say it _____, say it twiceonce
73.3%
In this town we call _____home
70.8%
In this town we call _____home
70.8%
Take a _____ and roll the dicechance
70%
I am the wind blowing through your _____hair
68.9%
_____ hail to the pumpkin songeveryone
68.4%
_____ hail to the pumpkin songeveryone
68.4%
_____! This is HalloweenScream
66.7%
In this town, don't we _____ it now? love
65.7%
In this town, don't we _____ it now? love
65.7%
Lyric Missing Word % Correct
I am the one hiding under your _____stairs
65.5%
This is Halloween, everybody make a _____scene
65.3%
_____ scream, _____ scream! Everybody
64.8%
Aren't you _____?scared
62.6%
Everybody's waiting for the next _____surprise
61.8%
Everybody's waiting for the next _____surprise
61.8%
Fingers like _____ and spiders in my hairsnakes
61.7%
Our man Jack is _____ of the Pumpkin PatchKing
58.6%
Here in a _____, and gone without a trace! flash
56.9%
_____ scream in the dead of nightPumpkins
55.8%
I am the _____ with the tear-away faceClown
54.6%
Round that corner, man _____ in a trash canhiding
53.9%
Make you jump out of your _____skin
53.5%
Well, that's just _____fine
53.4%
Trick or treat till the _____ gonna die of fright neighbors
53.1%
Skeleton _____ might catch you in the back Jack
52.2%
I am the _____ on the moon at nightshadow
51.9%
Everyone _____ to the Pumpkin King nowhail
50.2%
Won't ya please make way for a very _____ guyspecial
49.7%
_____ no fun without a good scareLife's
49.3%
I am the '_____', when you call 'who's there'? who
47%
Ride with the _____ in the dead of nightmoon
45.1%
Filling your _____ to the brim with frightdreams
45%
That's our _____, but we're not meanjob
42%
And scream like a _____banshee
38.2%
Red'n'black, _____ greenslimy
37.7%
_____ lumplings everywhereTender
36.8%
Something's waiting now to _____, and how you'llpounce
31%

Today's Daily Dose

Word Ladder
Antonym Clues IV

Quick Pick
Marsupials

Get the Picture
Big 4 'H' All-Stars

You're not logged in!

Compare scores with friends on all Sporcle quizzes.
OR
Log In

Sporcle TV

Today on Sporcle TV


Watch our educational content, quiz creation guides, and fun videos on Sporcle TV.

Show Comments

Extras

Top Quizzes Today


Score Distribution

Your Account Isn't Verified!

In order to create a playlist on Sporcle, you need to verify the email address you used during registration. Go to your Sporcle Settings to finish the process.

Report this User

Report this user for behavior that violates our Community Guidelines.

Details: